Frailes y clérigos / (Record no. 163357)

MARC details
000 -LEADER
campo de control de longitud fija 00829nam a22002175i 4500
001 - NÚMERO DE CONTROL
campo de control 163357
003 - IDENTIFICADOR DE NÚMERO DE CONTROL
campo de control ES-MaACL
005 - FECHA Y HORA DE LA ÚLTIMA TRANSACCIÓN
campo de control 20230906212726.0
008 - DATOS DE LONGITUD FIJA--INFORMACIÓN GENERAL
campo de control de longitud fija 001121s1891 sp |||| | spa d
040 ## - FUENTE DE CATALOGACIÓN
Centro catalogador/agencia de origen CCPB | B
Lengua de catalogación spa
Centro/agencia transcriptor CCPB | B
100 1# - ENTRADA PRINCIPAL--NOMBRE DE PERSONA
Nombre de persona Retana, W. E.
9 (RLIN) 143306
245 10 - MENCIÓN DEL TÍTULO
Título Frailes y clérigos /
Mención de responsabilidad, etc. por Wenceslao E. Retana.
250 ## - MENCION DE EDICION
Mención de edición 2ª ed. corr. y aum.
260 ## - PUBLICACIÓN, DISTRIBUCIÓN, ETC.
Lugar de publicación, distribución, etc. Madrid :
Nombre del editor, distribuidor, etc. librería de Fernando Fé,
Fecha de publicación, distribución, etc. 1891 (
Fabricante M. Minuesa de los Ríos)
300 ## - DESCRIPCIÓN FÍSICA
Extensión 142 p. ;
Dimensiones 16 cm.
490 1# - MENCIÓN DE SERIE
Mención de serie Folletos filipinos ;
Designación de volumen o secuencia 1
650 #4 - PUNTO DE ACCESO ADICIONAL DE MATERIA--TÉRMINO DE MATERIA
Término de materia o nombre geográfico como elemento de entrada Órdenes y congregaciones religiosas-
Subdivisión geográfica Filipinas.
9 (RLIN) 15749
830 0# - PUNTO DE ACCESO ADICIONAL DE SERIE-TÍTULO UNIFORME
Título uniforme Folletos filipinos ;
Designación de volumen o secuencia 1
9 (RLIN) 188430
852 ## - LOCALIZACIÓN
Ubicación ES-MaACL
Número de control de estantería T-603-F-1
Nota libre -- Enc. hol., conservando la enc. original
-- -- Ded. del autor al Ateneo de Madrid
-- -- Enc. en un vol. facticio
Holdings
Estatus retirado Estado de pérdida Estado de daño No para préstamo Colección Biblioteca de origen Biblioteca actual Ubicación en estantería Fecha de adquisición Total de préstamos Signatura topográfica completa Código de barras Visto por última vez Precio de reemplazo Tipo de ítem Koha
        Colección de folletos Biblioteca del Ateneo de Madrid Biblioteca del Ateneo de Madrid Depósito folletos 17/01/2008   T-603-F-1 1171183 23/02/2023 23/02/2023 Folleto